रिहाई / (Record no. 115990)

MARC details
000 -LEADER
fixed length control field 01063nam a22002777a 4500
003 - CONTROL NUMBER IDENTIFIER
control field dpl
005 - DATE AND TIME OF LATEST TRANSACTION
control field 20190608181132.0
008 - FIXED-LENGTH DATA ELEMENTS--GENERAL INFORMATION
fixed length control field 190608b ||||| |||| 00| 0 eng d
010 ## - LIBRARY OF CONGRESS CONTROL NUMBER
LC control number B-241465, B-241468
020 ## - INTERNATIONAL STANDARD BOOK NUMBER
Terms of availability 200.00
International Standard Book Number 8188060607
035 ## - SYSTEM CONTROL NUMBER
System control number B-241465
037 ## - SOURCE OF ACQUISITION
Source of stock number/acquisition Cen Lib/Ret
040 ## - CATALOGING SOURCE
Original cataloging agency DPL
Language of cataloging HN
Transcribing agency dpl
082 ## - DEWEY DECIMAL CLASSIFICATION NUMBER
Classification number
Item number पॉलनी
100 ## - MAIN ENTRY--PERSONAL NAME
Personal name पॉल, नीना
9 (RLIN) 2233
245 ## - TITLE STATEMENT
Title रिहाई /
Statement of responsibility, etc नीना पॉल
246 ## - VARYING FORM OF TITLE
Title proper/short title Reehai /
Remainder of title by Neena Paul
260 ## - PUBLICATION, DISTRIBUTION, ETC. (IMPRINT)
Place of publication, distribution, etc नई दिल्ली
Name of publisher, distributor, etc सुनील साहित्य सदन
Date of publication, distribution, etc 2007
270 ## - ADDRESS
City नई दिल्ली
Address 3320-21, जटवाडा, दरियागंज
Postal code 110002
300 ## - PHYSICAL DESCRIPTION
Extent 143पृ.
Dimensions 20सेमी (सजिल्द)
650 ## - SUBJECT ADDED ENTRY--TOPICAL TERM
Topical term or geographic name as entry element हिन्दी साहित्य
9 (RLIN) 64262
650 ## - SUBJECT ADDED ENTRY--TOPICAL TERM
Topical term or geographic name as entry element हिन्दी साहित्य -- उपन्यास
9 (RLIN) 46379
650 ## - SUBJECT ADDED ENTRY--TOPICAL TERM
Topical term or geographic name as entry element Hindi literature
9 (RLIN) 64263
650 ## - SUBJECT ADDED ENTRY--TOPICAL TERM
Topical term or geographic name as entry element Hindi literature -- Fiction
9 (RLIN) 64264
942 ## - ADDED ENTRY ELEMENTS (KOHA)
Source of classification or shelving scheme Dewey Decimal Classification
Koha item type Hindi Books
Classification part
Call number suffix पॉलनी
Holdings
Withdrawn status Lost status Damaged status Not for loan Home library Current library Date acquired Source of acquisition Cost, normal purchase price Total Checkouts Full call number Barcode Date last seen Copy number Cost, replacement price Price effective from Koha item type Source of classification or shelving scheme Collection code Shelving location Date checked out
        Central Library Central Library 22/08/2015 Cen Lib/Ret 200.00   उ पॉलनी B-241465 22/08/2015 1 200.00 22/08/2015 Hindi Books        
        Patel Nagar Patel Nagar 05/01/2019 BPPD/PUB 200.00 1 उ पॉलनी B-241466 05/09/2019   200.00 05/01/2019 Hindi Books Dewey Decimal Classification Fiction General Stacks 22/08/2019
        R.K.Puram-8 R.K.Puram-8 08/06/2019 BPPD/Purchase 200.00 3 उ पॉलनी B-241468 13/09/2025 1 200.00 08/06/2019 Hindi Books Dewey Decimal Classification     09/09/2025
        Sarojini Nagar Sarojini Nagar 14/10/2021       उ पॉलनी B-241467 14/10/2021   200.00 14/10/2021 Hindi Books Dewey Decimal Classification      

© Delhi Public Library
Hit Counter
free hit counter